00631 2200217 4500001002100000005001500021035002000036007000300056008004100059020002200100082001600122084002200138100002400160245005800184250002000242260006200262300004500324650001000369856001800379990001600397INLIS00000000000022520250710030015 a0010-0725000225ta250710 a 0 ind  a978-623-307-042-3 a398.209 598 a398.209 598 DAV c0 aDavela, R. Febyasti1 aCerita Anak Teluk Youtefa /cFebyasti Davela Ramadini acetakan pertama aJakarta :bBadan Pengembangan dan pembinaan bahasa,c2020 a24 hlm. :bilus. ;c29,7 cme398.209 598 4aKomik aTBM As Suhada aTBM00850085